Anar al contingut

Рак молочной железы учеб.-метод. пособие

В учебно-методическом пособии на современном уровне освещены наиболее важные практические вопросы клиники, диагностики, лечения рака молочной железы. Представлены тесты для текущего контроля усвоенных знаний, список дополнительной литературы. Учебно-методическое пособие разработано на основе клиниче...

Descripció completa

Guardat en:
Dades bibliogràfiques
Autor principal: Койчуев А. А.
Altres autors: Гулиева Л. А.
Format: Книга
Idioma:Russian
Publicat: Ставрополь СтГМУ 2019
Matèries:
Accés en línia:https://e.lanbook.com/book/464513
https://e.lanbook.com/img/cover/book/464513.jpg
Etiquetes: Afegir etiqueta
Sense etiquetes, Sigues el primer a etiquetar aquest registre!
LEADER 02203nam0a2200421 i 4500
001 464513
003 RuSpLAN
005 20250516154120.0
008 250516s2019 ru gs 000 0 rus
040 |a RuSpLAN 
041 0 |a rus 
044 |a ru 
080 |a 618.19-006(072) 
084 |a 55.691.3я73  |2 rubbk 
245 0 0 |a Рак молочной железы  |b учеб.-метод. пособие  |c Койчуев А. А.,Гулиева Л. А. 
260 |a Ставрополь  |b СтГМУ  |c 2019 
300 |a 56 с. 
504 |a Библиогр.: доступна в карточке книги, на сайте ЭБС Лань 
520 8 |a В учебно-методическом пособии на современном уровне освещены наиболее важные практические вопросы клиники, диагностики, лечения рака молочной железы. Представлены тесты для текущего контроля усвоенных знаний, список дополнительной литературы. Учебно-методическое пособие разработано на основе клинических рекомендаций Ассоциации онкологов России, утвержденных МЗ РФ. Для студентов, ординаторов, врачей-онкологов. 
521 8 |a Книга из коллекции СтГМУ - Медицина 
521 8 |a СЭБ 
653 0 |a мкб-10 
653 0 |a определение 
653 0 |a эпидемиология 
653 0 |a этиология 
653 0 |a патогенез 
653 0 |a классификация 
653 0 |a стадирование 
653 0 |a диагностика 
653 0 |a лечение 
653 0 |a реабилитация 
653 0 |a профилактика 
653 0 |a наблюдение 
100 1 |a Койчуев А. А. 
700 1 |a Гулиева Л. А. 
856 4 |u https://e.lanbook.com/book/464513 
856 4 8 |u https://e.lanbook.com/img/cover/book/464513.jpg 
953 |a https://e.lanbook.com/img/cover/book/464513.jpg